=LDR 00000nam 2200000 4500 =001 INLIS000000000058514 =005 20210928010943 =035 ##$$a 0010-0921000318 =007 ta =008 210928###########################0#ind## =020 ##$$a 978-623-91378-7-8 =082 ##$$a 297.37 =084 ##$$a 297.37 Luf k =245 1#$$a Khadijah Al - Kubro : $b Kisah romantis terbaik dan abadi sepanjang masa /$c Lutfi Nur Fadhilah =300 ##$$a 144 halaman ; $c 21 cm =650 #4$$a Keluarga ( Islami ) =264 ##$$a Semarang :$b Syalmahat publishing,$c 2020 =336 ##$$a teks$2 rdacontent =337 ##$$a lain-lain$2 rdamedia =338 ##$$a lain-lain$2 rdacarrier =990 ##$$a 12871287 =990 ##$$a 12871287